<?xml version="1.0" encoding="UTF-8"?>
<record
    xmlns:xsi="http://www.w3.org/2001/XMLSchema-instance"
    xsi:schemaLocation="http://www.loc.gov/MARC21/slim http://www.loc.gov/standards/marcxml/schema/MARC21slim.xsd"
    xmlns="http://www.loc.gov/MARC21/slim">

  <leader>01496cam a2200325 i 4500</leader>
  <controlfield tag="001">20857064</controlfield>
  <controlfield tag="003">NUST</controlfield>
  <controlfield tag="005">20221213175532.0</controlfield>
  <controlfield tag="008">190219t20202020mdu      b    001 0 eng  </controlfield>
  <datafield tag="010" ind1=" " ind2=" ">
    <subfield code="a">  2019007534</subfield>
  </datafield>
  <datafield tag="020" ind1=" " ind2=" ">
    <subfield code="a">978-1-4422-2255-7</subfield>
  </datafield>
  <datafield tag="040" ind1=" " ind2=" ">
    <subfield code="a">DLC</subfield>
    <subfield code="b">eng</subfield>
    <subfield code="c">DLC</subfield>
    <subfield code="e">rda</subfield>
    <subfield code="d">DLC</subfield>
  </datafield>
  <datafield tag="042" ind1=" " ind2=" ">
    <subfield code="a">pcc</subfield>
  </datafield>
  <datafield tag="050" ind1="0" ind2="0">
    <subfield code="a">JZ1318</subfield>
    <subfield code="b">.N43 2020</subfield>
  </datafield>
  <datafield tag="082" ind1="0" ind2="0">
    <subfield code="a">303.482,PIE</subfield>
    <subfield code="2">23</subfield>
  </datafield>
  <datafield tag="100" ind1="1" ind2=" ">
    <subfield code="a">Pieterse, Jan Nederveen</subfield>
    <subfield code="e">author.</subfield>
    <subfield code="9">104782</subfield>
  </datafield>
  <datafield tag="245" ind1="1" ind2="0">
    <subfield code="a">Globalization and culture :</subfield>
    <subfield code="b">global m&#xE9;lange /</subfield>
    <subfield code="c">Jan Nederveen Pieterse, University of California Santa Barbara.</subfield>
  </datafield>
  <datafield tag="250" ind1=" " ind2=" ">
    <subfield code="a">3rd Edition.</subfield>
  </datafield>
  <datafield tag="264" ind1=" " ind2="1">
    <subfield code="a">Lanham :</subfield>
    <subfield code="b">ROWMAN &amp; LITTLEFIELD,</subfield>
    <subfield code="c">2015</subfield>
  </datafield>
  <datafield tag="300" ind1=" " ind2=" ">
    <subfield code="a">xiv, 219 pages ;</subfield>
    <subfield code="c">24 cm.</subfield>
  </datafield>
  <datafield tag="490" ind1="0" ind2=" ">
    <subfield code="a">Globalization</subfield>
  </datafield>
  <datafield tag="505" ind1=" " ind2=" ">
    <subfield code="a">Introduction (Page-1), Globalization; Consensus and Controversies (Page-7), Globalization and Human Integration (Page-27), Globalization and Culture(Page-45), Globalization as Hybridization (Page-67), Hybridity , So What? the Anti-Hybridity Backlash (Page-99), Globalization is Braded (Page-127), Hybrid China (Page-147).</subfield>
  </datafield>
  <datafield tag="650" ind1=" " ind2="0">
    <subfield code="a">Globalization.</subfield>
  </datafield>
  <datafield tag="650" ind1=" " ind2="0">
    <subfield code="a">Globalization</subfield>
    <subfield code="x">Moral and ethical aspects.</subfield>
    <subfield code="9">104783</subfield>
  </datafield>
  <datafield tag="650" ind1=" " ind2="0">
    <subfield code="a">Globalization</subfield>
    <subfield code="x">Political aspects.</subfield>
    <subfield code="9">104784</subfield>
  </datafield>
  <datafield tag="650" ind1=" " ind2="0">
    <subfield code="a">Acculturation.</subfield>
    <subfield code="9">104771</subfield>
  </datafield>
  <datafield tag="650" ind1=" " ind2="0">
    <subfield code="a">Popular culture.</subfield>
    <subfield code="9">104785</subfield>
  </datafield>
  <datafield tag="776" ind1="0" ind2="8">
    <subfield code="i">Online version:</subfield>
    <subfield code="a">Nederveen Pieterse, Jan author.</subfield>
    <subfield code="t">Globalization and culture</subfield>
    <subfield code="b">Fourth Edition.</subfield>
    <subfield code="d">Lanham : ROWMAN &amp; LITTLEFIELD, [2019]</subfield>
    <subfield code="z">9781538115244</subfield>
    <subfield code="w">(DLC) 2019009135</subfield>
  </datafield>
  <datafield tag="942" ind1=" " ind2=" ">
    <subfield code="2">ddc</subfield>
    <subfield code="c">BK</subfield>
    <subfield code="k">303.482,PIE</subfield>
  </datafield>
  <datafield tag="999" ind1=" " ind2=" ">
    <subfield code="c">592680</subfield>
    <subfield code="d">592680</subfield>
  </datafield>
  <datafield tag="952" ind1=" " ind2=" ">
    <subfield code="0">0</subfield>
    <subfield code="1">0</subfield>
    <subfield code="2">ddc</subfield>
    <subfield code="4">0</subfield>
    <subfield code="7">0</subfield>
    <subfield code="a">MCS</subfield>
    <subfield code="b">MCS</subfield>
    <subfield code="c">GEN</subfield>
    <subfield code="d">2022-12-13</subfield>
    <subfield code="l">0</subfield>
    <subfield code="o">303.482,PIE</subfield>
    <subfield code="p">MCS37668</subfield>
    <subfield code="r">2022-12-13</subfield>
    <subfield code="w">2022-12-13</subfield>
    <subfield code="y">BK</subfield>
    <subfield code="z">Almirah No.49, Shelf No.1</subfield>
  </datafield>
</record>
